| 000 | 00783nam a22002297a 4500 | ||
|---|---|---|---|
| 005 | 20151007140058.0 | ||
| 008 | 151007b nyu||||| |||| 00| 0 spa d | ||
| 020 | _a1564321487 | ||
| 050 | 0 | 4 |
_aKKZ5246.3 _bN59 1995 |
| 100 | 1 | _aNizich, Ivana | |
| 245 | 1 | 0 |
_aCivil and political rights in Croatia / _cIvana Nizich ; colaboración Zeljka Markic,Jeri Laber ; Human Rights Watch/ Helsinki |
| 250 | _a1a ed. | ||
| 260 |
_aNew York : _bHuman Rights Watch, _c1995 |
||
| 300 |
_av, 170 p. ; _c23 cm. |
||
| 504 | _aIncluye apéndices | ||
| 650 | 7 |
_2LEMB _aDerechos civiles _zCroacia |
|
| 650 | 4 |
_aDerechos políticos _zCroacia |
|
| 700 | 1 |
_aMarkić, Željka _ecolab. |
|
| 700 | 1 |
_aLaber, Jeri, _ecolab. |
|
| 710 | 2 | _aHuman Rights Watch/Helsinki (Organization : U.S.) | |
| 942 |
_2lcc _cLIB |
||
| 999 |
_c102934 _d102934 |
||